000 01027cam a2200277 a 4500
001 000006524
005 20200929153939.0
008 970402s1995 sp b 001 0bspa d
020 _a8445314637
035 _a(DLC) 97135621
035 _a(SpBaP)pu960013097
035 _a(CStRLIN)XPUV9613097-B
040 _aDO-SdBNP
_cDLC
_dBNPHU
082 _a928.946
_bG643d
100 1 _aGonzález-Arnao Conde-Luque, Mariano.
_918106
245 1 0 _aDerrota y muerte de Sir Francis Drake, a Coruña 1589-Portobelo 1596 /
_cMariano González-Arnao Conde-Luque.
260 _a[Coruña, (España)] :
_bXunta de Galicia :,
_c[1995].
300 _a342 p. ;
_c23 cm.
504 _aBibliografía: (p. 329-332).
504 _aInlcuye referencias bibliográficas y notas al pie de las páginas.
600 1 4 _aDRAKE, FRANCIS,
_cSIR,
_d1540?-1596
_zESPAÑA
_918107
600 1 4 _aDRAKE, FRANCIS,
_cSIR,
_d1540?-1596
_xVIAJES
_zPANAMÁ
_918108
651 4 _aGran Bretaña
_xHistoria
_918109
910 _aCatalogación por copia / LC
049 _aBNGR
999 _c6315
_d6315